00401nam a22001211i 45000010005000001000041000051010008000462000127000542150018001817000021001997010021002202100038002411212 a20170304u u u0frey50 ba0 apor1 fD. OrigliaaA AdolescênciaeO Crescimento - A Formação da Personalidade - A Vocação Profissional - A Sexualidade a275pd'22 cm' 1aOrigliabD.4070 1aOuillonbH.4070 cLivraria ClássicaaLisboad1974